=LDR 00000nam 2200000 4500 =001 INLIS000000000035793 =005 20130612141625 =008 ***********************************Ind** =035 ##$$0010-061300000035793 =041 ##$$a Ind =082 ##$$a 028.5 =090 ##$$a 028.5, ar 1 =100 ##$$a Arleen A =245 ##$$a The Story of Many Colours, Bintang Emas =260 ##$$a 2006 $b Jakarta =300 ##$$a 23 hlm, ilus, 20 cm =850 ##$$a NBPNMAT